000 00356nam a2200133Ia 4500
008 150202s9999 xx 000 0 und d
020 _a033010487X
050 _aFIC
_bFIC
100 _aLyall, Gavin.
245 4 _aThe most dangerous game /
_cGavin Lyall.
260 _aLondon :
_bPan Books,
_c1964.
300 _a222 pages :
_c18 cm.
650 _aFiction.
999 _c282210
_d282210